01362nam a2200337 a 4500001001000000005001700010008004100027020001500068040001800083050002200101100003000123245015800153250000600311260004500317300003200362500009000394504003200484610004900516650003400565650004400599650005500643650003600698650004300734650003600777650003600813650003600849700003000885700003800915700002200953710004900975BRCA_118020190320203322.0930408s1993 mx-a---##b---#000-0dspa-# a9687009381 aDLCcDLCdDLC 4aND1432b.A76 19931 aArmella de Aspe, Virginia10aTreasures the Pinacoteca VirreinalcVirginia Armella de Aspe, Mercedes Meade de Angulo ; traducción Ma. de los Ángeles Pérez Cue, Jeffrey Seefeldt. a2 aMéxicobFomento Cultural Banamexc1993 a259 p.bil. a colorc32 cm. aApéndice 1. Artículos de incorporación de los pintores. Academia Nueva España aBibliografía: p. 241-242.24aPinacoteca Virreinal de San Diego (México)14aPintura mexicanavCatálogos14aPintura colonialvCatálogoszMéxico14aArte cristiano y simbolismovCatálogoszMéxico14aPintura españolavCatálogos14aPintura barrocaxCatálogoszEspaña14aPintoresvCatálogoszMéxico14aPintoresxBiografíazMéxico14aPintoresxBiografíazEspaña1 aMeade de Angulo, Mercedes1 aPérez Cue, Ma. de los Ángeles1 aSeefeldt, Jeffrey2 aPinacoteca Virreinal de San Diego (México)